[Event "Elit(Limhamn-Vasteras)"]
[Site "?"]
[Date "2008.12.07"]
[Round "5"]
[White "Nygren, Kim"]
[Black "Penalver, Osmani"]
[Result "0-1"]
[WhiteElo "2317"]
[BlackElo "2271"]
[PlyCount "58"]

1. e4 c5 2. Nf3 d6 3. d4 cxd4 4. Nxd4 Nf6 5. Nc3 a6 6. Bc4 e6 7. Bb3 Bd7 8. Bg5
Nc6 9. Qd2 h6 10. Be3 Na5 11. f4 Qc7 12. O-O-O b5 13. e5 b4 14. Na4 Nxb3+ 15.
axb3 dxe5 16. fxe5 Nd5 17. Rhe1 Bxa4 18. bxa4 Qd7 19. Qd3 Qxa4 20. Nxe6 Rc8 21.
Nxf8 b3 22. e6 bxc2 23. exf7+ Kxf8 24. Bc5+ Rxc5 25. Re8+ Kxf7 26. Rf1+ Kxe8
27. Qg6+ Kd7 28. Rf7+ Ne7 29. Qg4+ Qxg4 0-1

[Event "Elit(Limhamn-Vasteras)"]
[Site "?"]
[Date "2008.12.07"]
[Round "5"]
[White "Eklund, Joel"]
[Black "Norberg, Erik"]
[Result "1-0"]
[WhiteElo "2205"]
[BlackElo "2292"]
[PlyCount "51"]

1. d4 g6 2. e4 Bg7 3. c4 d6 4. Nc3 Nf6 5. f3 e5 6. d5 O-O 7. Bg5 h6 8. Be3 Ne8
9. Qd2 f5 10. exf5 gxf5 11. O-O-O f4 12. Bf2 a5 13. Bd3 Na6 14. Nge2 c6 15. Be4
c5 16. g3 Qf6 17. Rhg1 Bd7 18. h4 a4 19. a3 Nac7 20. Bd3 Kh8 21. Rde1 Qf7 22.
gxf4 exf4 23. Bg6 Qf6 24. Ne4 Qd8 25. Nxf4 b5 26. Nh5 1-0

[Event "Elit(Limhamn-Vasteras)"]
[Site "?"]
[Date "2008.12.07"]
[Round "5"]
[White "Sandberg, Richard"]
[Black "Holst, Conny"]
[Result "1-0"]
[WhiteElo "2241"]
[BlackElo "2239"]
[PlyCount "79"]

1. e4 c5 2. Nf3 d6 3. d4 cxd4 4. Nxd4 Nf6 5. Nc3 Nc6 6. Bg5 e6 7. Qd2 Be7 8.
O-O-O a6 9. f4 Bd7 10. Be2 b5 11. Bf3 Nxd4 12. Qxd4 Rc8 13. e5 Rc4 14. Qa7 b4
15. exf6 gxf6 16. Ne4 Rxe4 17. Bxf6 Bxf6 18. Bxe4 Bb5 19. f5 O-O 20. fxe6 Qa5
21. exf7+ Kh8 22. Bd5 b3 23. Bxb3 Ba4 24. Rd5 Qb4 25. g3 Bc6 26. Qf2 Bg7 27. a3
Qb7 28. Rhd1 Bxd5 29. Rxd5 Rxf7 30. Qe2 Re7 31. Qd1 Be5 32. Kb1 a5 33. Rxa5 Re8
34. Qd5 Qg7 35. Ra8 Rf8 36. Rxf8+ Qxf8 37. Ka2 Qe7 38. Qf7 Qd8 39. Qe6 Qb8 40.
g4 1-0

[Event "Elit(Limhamn-Vasteras)"]
[Site "?"]
[Date "2008.12.07"]
[Round "5"]
[White "Nylen, Anders"]
[Black "Janse, Rasmus"]
[Result "1-0"]
[WhiteElo "2242"]
[BlackElo "2198"]
[PlyCount "91"]

1. d4 e6 2. c4 c5 3. d5 exd5 4. cxd5 d6 5. Nc3 Nf6 6. e4 g6 7. f3 Bg7 8. Bg5 a6
9. a4 O-O 10. Qd2 Re8 11. Bd3 Qa5 12. Ra3 Qb4 13. Nge2 Nbd7 14. O-O Ne5 15. Nc1
Nc4 16. Bxc4 Qxc4 17. Nd3 Nd7 18. Rc1 Qd4+ 19. Kh1 Bh8 20. Ne2 Qg7 21. b4 Qf8
22. Ra2 cxb4 23. Qxb4 f5 24. Ng3 Ne5 25. Nxe5 Bxe5 26. f4 Bg7 27. exf5 h6 28.
Bh4 Bxf5 29. Nxf5 Qxf5 30. Qxd6 g5 31. fxg5 hxg5 32. Bg3 Rad8 33. Qb4 Qxd5 34.
Rf2 Re4 35. Qb1 Rxa4 36. Rf5 Qd2 37. Be5 Rb4 38. Qa1 Rd5 39. Rcf1 Rf4 40. R5xf4
Rxe5 41. Rf8+ Kh7 42. Qb1+ Kh6 43. R1f6+ Bxf6 44. Rxf6+ Kh5 45. Qh7+ Kg4 46.
Qh3# 1-0

[Event "Elit(Skara-Solna)"]
[Site "?"]
[Date "2008.12.07"]
[Round "5"]
[White "Karlsson, Tomas"]
[Black "Cicak, Slavko"]
[Result "0-1"]
[WhiteElo "2287"]
[BlackElo "2588"]
[PlyCount "90"]

1. e4 c5 2. Nc3 e6 3. Nf3 d6 4. d4 cxd4 5. Nxd4 Nf6 6. Be2 Be7 7. O-O a6 8. a4
Nc6 9. Nb3 b6 10. f4 Bb7 11. Bf3 O-O 12. Be3 Qc7 13. Qe1 Nd7 14. Rd1 Rfd8 15.
Qg3 Bf6 16. Nd4 Nxd4 17. Bxd4 Bxd4+ 18. Rxd4 Qc5 19. Qf2 e5 20. Rd2 exf4 21.
Rfd1 Qxf2+ 22. Kxf2 Ne5 23. Rxd6 Rxd6 24. Rxd6 Bc6 25. Nd5 Bxd5 26. exd5 Rb8
27. b3 a5 28. c4 Kf8 29. c5 Nd3+ 30. Ke2 Nxc5 31. Rc6 Ke7 32. Kd2 Nxb3+ 33. Kc3
Nc5 34. Kd4 Nxa4 35. d6+ Ke6 36. Bd5+ Kd7 37. Rc7+ Kxd6 38. Rxf7 Nc5 39. Rxg7
Ne6+ 40. Bxe6 Kxe6 41. Rxh7 b5 42. Ra7 a4 43. Kc5 Rg8 44. Kxb5 Rxg2 45. Rxa4
Ke5 0-1

[Event "Elit(Skara-Solna)"]
[Site "?"]
[Date "2008.12.07"]
[Round "5"]
[White "Djurhuus, Rune"]
[Black "Bergstrom, Christer"]
[Result "1/2-1/2"]
[WhiteElo "2561"]
[BlackElo "2363"]
[PlyCount "52"]

1. e4 c5 2. Nf3 Nc6 3. Bb5 g6 4. c3 Nf6 5. Qe2 Qb6 6. Na3 a6 7. Nc4 Qc7 8. Bxc6
Qxc6 9. d4 Qxe4 10. Nb6 Rb8 11. dxc5 d6 12. cxd6 Qxe2+ 13. Kxe2 exd6 14. Nxc8
Rxc8 15. Re1 Kd7 16. Ng5 Re8+ 17. Kf1 Rxe1+ 18. Kxe1 h6 19. Nf3 Bg7 20. Be3 Ng4
21. Bd4 Re8+ 22. Kf1 Bxd4 23. cxd4 Rc8 24. Re1 Rc2 25. Re2 Rc1+ 26. Re1 Rc2
1/2-1/2

[Event "Elit(Skara-Solna)"]
[Site "?"]
[Date "2008.12.07"]
[Round "5"]
[White "Lindberg, Bengt"]
[Black "Eklund, Lars-Goran"]
[Result "1-0"]
[WhiteElo "2414"]
[BlackElo "2375"]
[PlyCount "73"]

1. e4 Nc6 2. Nf3 d6 3. d4 Nf6 4. Nc3 Bg4 5. Bb5 a6 6. Bxc6+ bxc6 7. h3 Bh5 8.
g4 Bg6 9. Qe2 Qb8 10. e5 Nd5 11. e6 Qb4 12. O-O Nxc3 13. bxc3 Qxc3 14. Bd2 Qxc2
15. Ng5 h6 16. Nxf7 Bxf7 17. exf7+ Kxf7 18. Rfe1 Kg8 19. Rac1 Qxa2 20. Rxc6 Qd5
21. Rxc7 Rh7 22. Ra1 a5 23. Rb1 g5 24. Rb5 Qa2 25. Qd3 Rf7 26. Be3 Bg7 27. Qe4
Raf8 28. Rc2 Qa1+ 29. Kg2 Qd1 30. Rxa5 e6 31. Rca2 d5 32. Qxe6 Qf3+ 33. Kh2 Kh7
34. Qxd5 Qd1 35. Ra7 Qb1 36. Rxf7 Rxf7 37. Qxf7 1-0

[Event "Elit(Skara-Solna)"]
[Site "?"]
[Date "2008.12.07"]
[Round "5"]
[White "Svensson, Sven"]
[Black "Johansson, Gunnar"]
[Result "1/2-1/2"]
[WhiteElo "2285"]
[BlackElo "2282"]
[PlyCount "70"]

1. d4 d5 2. c4 c6 3. Nf3 Nf6 4. e3 e6 5. Nbd2 Nbd7 6. Bd3 Bd6 7. O-O O-O 8. e4
dxe4 9. Nxe4 Nxe4 10. Bxe4 h6 11. Bc2 c5 12. Qd3 f5 13. b3 b6 14. Bb2 Bb7 15.
Rad1 Nf6 16. dxc5 Bxc5 17. Qxd8 Raxd8 18. Nd4 Kf7 19. Bc3 a5 20. Nb5 Ne4 21.
Bxe4 Bxe4 22. Be5 Bc6 23. Na7 Ba8 24. Bc7 Rxd1 25. Rxd1 Ke7 26. Kf1 g5 27. Nb5
Bc6 28. Na7 Bd7 29. Be5 Ra8 30. Nb5 Bxb5 31. cxb5 Ke8 32. h3 Rd8 33. Rxd8+ Kxd8
34. f3 Kd7 35. g4 Ke7 1/2-1/2

[Event "Elit(Skara-Solna)"]
[Site "?"]
[Date "2008.12.07"]
[Round "5"]
[White "Dalmau, Jorgen"]
[Black "Andersson, Goran"]
[Result "0-1"]
[WhiteElo "2237"]
[BlackElo "2304"]
[PlyCount "112"]

1. e4 c5 2. Nf3 d6 3. d4 cxd4 4. Nxd4 Nf6 5. Nc3 a6 6. Be3 e5 7. Nb3 Be6 8. f3
Nbd7 9. g4 Nb6 10. g5 Nh5 11. Qd2 Rc8 12. O-O-O Be7 13. Rg1 O-O 14. Qf2 Rxc3
15. Bxb6 Bxg5+ 16. Kb1 Bh4 17. Rg3 Bxg3 18. hxg3 Rc7 19. f4 Qe7 20. Bxc7 Qxc7
21. f5 Bxb3 22. axb3 Nf6 23. Bg2 Rc8 24. c3 Qc5 25. Qd2 Rc6 26. Bf3 h6 27. Rh1
b5 28. b4 Qc4 29. Re1 a5 30. bxa5 Qa4 31. g4 Qxa5 32. g5 hxg5 33. Qxg5 b4 34.
Rg1 Kf8 35. Qxg7+ Ke7 36. cxb4 Qxb4 37. Qg2 Qa5 38. Rd1 Ra6 39. Rd2 Qa1+ 40.
Kc2 Rb6 41. Kd3 Rb3+ 42. Ke2 Rxb2 43. Rxb2 Qxb2+ 44. Kf1 Qc1+ 45. Ke2 d5 46.
exd5 Qc4+ 47. Ke1 e4 48. Be2 Qb4+ 49. Kf1 Nxd5 50. Qg5+ Nf6 51. Qg3 Qd6 52.
Qxd6+ Kxd6 53. Kf2 Nd5 54. Bc4 f6 55. Ba6 Ke5 56. Bb7 Ne7 0-1

[Event "Elit(Skara-Solna)"]
[Site "?"]
[Date "2008.12.07"]
[Round "5"]
[White "Mohammadi, Amir"]
[Black "Steneskog, Per"]
[Result "1/2-1/2"]
[WhiteElo "2308"]
[BlackElo "2194"]
[PlyCount "114"]

1. e4 e6 2. d4 d5 3. Nc3 Bb4 4. Nge2 dxe4 5. a3 Bxc3+ 6. Nxc3 Nc6 7. Bb5 Nge7
8. Nxe4 O-O 9. c3 e5 10. Bxc6 Nxc6 11. d5 Ne7 12. c4 a5 13. a4 Bf5 14. Ng3 Bg6
15. b3 c5 16. O-O Nc8 17. Re1 Qc7 18. Qg4 Bc2 19. Qf3 Qb6 20. Re3 Nd6 21. Ra2
e4 22. Qf4 Bd3 23. Rd2 Rad8 24. f3 f5 25. Rexd3 exd3 26. Rxd3 Rfe8 27. Bd2 Rd7
28. h4 Qd8 29. Bc3 Rf8 30. Nh5 b6 31. Qg3 Ne8 32. Nf4 Qb8 33. Qg5 h6 34. Qg3
Nf6 35. Bd2 Qe5 36. Qg6 Qa1+ 37. Kh2 Qb1 38. Re3 Qc2 39. Re2 Qxb3 40. Ne6 Re8
41. Bxh6 Qxc4 42. Bxg7 Qxh4+ 43. Kg1 Qh7 44. Qxf6 Rxg7 45. Nxg7 Rxe2 46. Ne6
Qd7 47. Qf8+ Kh7 48. Qxf5+ Kg8 49. Qg5+ Kh8 50. Qf6+ Kg8 51. Kf1 Ra2 52. Qg6+
Kh8 53. Ng5 Qg7 54. Qh5+ Kg8 55. Qe8+ Qf8 56. Qg6+ Qg7 57. Qe8+ Qf8 1/2-1/2

[Event "Elit(Skara-Solna)"]
[Site "?"]
[Date "2008.12.07"]
[Round "5"]
[White "Bjarnehag, Peter"]
[Black "Friberg, Hans"]
[Result "1/2-1/2"]
[WhiteElo "2187"]
[BlackElo "2280"]
[PlyCount "114"]

1. Nf3 Nf6 2. c4 g6 3. d4 Bg7 4. g3 O-O 5. Bg2 d6 6. Nc3 c5 7. O-O cxd4 8. Nxd4
Nc6 9. Nxc6 bxc6 10. Qa4 Bd7 11. Bxc6 Bxc6 12. Qxc6 Qc8 13. Qa4 Qh3 14. f3 Rfc8
15. Bd2 Nh5 16. Rf2 Qe6 17. b3 Bd4 18. e3 Bxe3 19. Bxe3 Qxe3 20. Nd5 Qe5 21.
Raf1 Ng7 22. Qa5 Rc5 23. Qd2 Nf5 24. Re1 Qg7 25. Nxe7+ Nxe7 26. Rxe7 Qf6 27.
Rd7 Rc6 28. Qd5 Rac8 29. Rd2 Ra6 30. Qb7 Rcc6 31. Kg2 Kg7 32. Qa8 Qe6 33. Rd8
Kh6 34. Rg8 Qe7 35. h4 Rc5 36. Qf8+ Qxf8 37. Rxf8 Kg7 38. Rd8 Rcc6 39. g4 Ra3
40. g5 Rca6 41. Kg3 Rxa2 42. Rxa2 Rxa2 43. Rxd6 Rb2 44. Rd3 Kf8 45. Rd8+ Ke7
46. Rb8 a5 47. Rb5 f6 48. Rb7+ Kf8 49. gxf6 a4 50. b4 a3 51. b5 Rb4 52. Ra7
Rxc4 53. Rxa3 Rb4 54. Ra7 Rxb5 55. Rxh7 Rb6 56. f7 Rb4 57. f4 Ra4 1/2-1/2

[Event "Elit(Skara-Solna)"]
[Site "?"]
[Date "2008.12.07"]
[Round "5"]
[White "Cederqvist, Niclas"]
[Black "Landgren, Andreas"]
[Result "1/2-1/2"]
[WhiteElo "2139"]
[BlackElo "2207"]
[PlyCount "35"]

1. d4 d5 2. c4 e6 3. Nc3 c6 4. Nf3 dxc4 5. a4 Bb4 6. e4 b5 7. Be2 Bb7 8. O-O a6
9. Bg5 Ne7 10. Qc2 h6 11. Bh4 O-O 12. Rad1 Qa5 13. Ra1 Qc7 14. Bg3 Qb6 15. Rfd1
Rd8 16. b3 cxb3 17. Qxb3 Bd6 18. a5 1/2-1/2

[Event "Elit(Manhem-Sollentuna)"]
[Site "?"]
[Date "2008.12.07"]
[Round "5"]
[White "Agrest, Evgenij"]
[Black "Andersson, Bjorn"]
[Result "1-0"]
[WhiteElo "2683"]
[BlackElo "2338"]
[PlyCount "167"]

1. Nf3 Nf6 2. c4 g6 3. g3 Bg7 4. Bg2 O-O 5. O-O d6 6. Nc3 Nc6 7. Rb1 Bf5 8. d3
Qd7 9. Re1 Bh3 10. Bh1 h6 11. b4 e5 12. b5 Ne7 13. Nd2 Rab8 14. Qb3 Ng4 15. e3
f5 16. f3 Nf6 17. Ne2 g5 18. f4 Ng6 19. Nf3 gxf4 20. exf4 Kh7 21. Bg2 Bxg2 22.
Kxg2 Rbe8 23. Be3 Ng4 24. Bd2 e4 25. Nfg1 Rf7 26. h3 Nf6 27. d4 d5 28. c5 c6
29. bxc6 bxc6 30. Be3 Nf8 31. Qa4 Qc8 32. Rb3 Rb7 33. Reb1 Ree7 34. Nc3 Rxb3
35. Rxb3 Ne6 36. Nge2 Ne8 37. Kf2 Rc7 38. Ke1 Qd7 39. Qb4 Qf7 40. Qb8 Qd7 41.
Nd1 Qc8 42. g4 fxg4 43. Qxc8 Rxc8 44. hxg4 Nf6 45. Nf2 Rc7 46. Kd1 Kg8 47. Ng3
Kf7 48. a4 Nd8 49. Nf5 Bf8 50. g5 hxg5 51. fxg5 Nd7 52. Bd2 Rb7 53. Rg3 Ne6 54.
g6+ Kf6 55. Ne3 Rb1+ 56. Kc2 Ra1 57. Nfg4+ Ke7 58. Nf5+ Kd8 59. Bc3 Rxa4 60.
Rh3 Ra2+ 61. Bb2 Nf4 62. Rh8 Nxg6 63. Rh7 Nf4 64. Kb3 Ra5 65. Bc1 Rb5+ 66. Kc2
Nd3 67. Bg5+ Kc8 68. Be7 Rb2+ 69. Kc3 Bxe7 70. Nxe7+ Kc7 71. Nf6 Nxf6 72. Nxd5+
Kb8 73. Nxf6 Re2 74. Rh8+ Kc7 75. Rh7+ Kb8 76. Rh4 Nf2 77. Rh8+ Kc7 78. Rh7+
Kb8 79. d5 cxd5 80. Nxd5 Re1 81. Kc2 Rg1 82. c6 Rg8 83. Rb7+ Kc8 84. Ne7+ 1-0

[Event "Elit(Manhem-Sollentuna)"]
[Site "?"]
[Date "2008.12.07"]
[Round "5"]
[White "Akesson, Joel"]
[Black "Poley, Vladimir"]
[Result "0-1"]
[WhiteElo "2366"]
[BlackElo "2478"]
[PlyCount "96"]

1. d4 g6 2. c4 Nf6 3. g3 c6 4. Bg2 d5 5. cxd5 cxd5 6. Nf3 Bg7 7. O-O O-O 8. Ne5
Ng4 9. Nxg4 Bxg4 10. Nc3 Nc6 11. Bxd5 Nxd4 12. Bxb7 Rb8 13. Ba6 Qa5 14. Bd3
Rfd8 15. Rb1 Qh5 16. f3 Bh3 17. Rf2 Nxf3+ 18. exf3 Bxc3 19. Be3 Bd4 20. Qe2
Bxe3 21. Qxe3 Qd5 22. Bf1 Qxa2 23. Rc1 Bxf1 24. Rcxf1 Rxb2 25. Qxe7 Rdd2 26.
Qe8+ Kg7 27. Qe5+ f6 28. Qe7+ Qf7 29. Qxf7+ Kxf7 30. Rxd2 Rxd2 31. Ra1 Rd7 32.
Ra6 f5 33. Kf2 Ke7 34. Ke3 Kd8 35. Kf4 Kc8 36. Ke5 Kb7 37. Ra2 Rd3 38. Rb2+ Kc6
39. Ra2 Rd5+ 40. Ke6 a5 41. Rc2+ Rc5 42. Rd2 a4 43. Rd6+ Kb5 44. Rd7 a3 45.
Rb7+ Ka4 46. Kd6 Ra5 47. Rxh7 a2 48. Rh4+ Kb3 0-1

[Event "Elit(Manhem-Sollentuna)"]
[Site "?"]
[Date "2008.12.07"]
[Round "5"]
[White "Ernst, Thomas"]
[Black "Nithander, Victor"]
[Result "1/2-1/2"]
[WhiteElo "2504"]
[BlackElo "2436"]
[PlyCount "74"]
[EventDate "2008.??.??"]

1. d4 Nf6 2. c4 g6 3. Nc3 Bg7 4. e4 d6 5. f3 O-O 6. Be3 c5 7. Nge2 Nc6 8. d5
Ne5 9. Ng3 e6 10. Be2 exd5 11. cxd5 a6 12. a4 h5 13. O-O Nh7 14. Qd2 h4 15. Nh1
f5 16. Nf2 Bd7 17. exf5 gxf5 18. Nh3 Qf6 19. Nf4 Bh6 20. Kh1 Bxf4 21. Bxf4 Rae8
22. Rae1 Ng6 23. Be3 Rf7 24. f4 Rfe7 25. Bf2 Qg7 26. Bh5 Rxe1 27. Rxe1 Rxe1+
28. Bxe1 Nhf8 29. Be2 Qh6 30. g3 hxg3 31. Bxg3 Nh7 32. a5 Nf6 33. Qd1 Qh3 34.
Bf1 Qh5 35. Be2 Qh3 36. Bf1 Qh5 37. Be2 Qh3 1/2-1/2

[Event "Elit(Manhem-Sollentuna)"]
[Site "?"]
[Date "2008.12.07"]
[Round "5"]
[White "Fendrich, David"]
[Black "Couso, Luis"]
[Result "0-1"]
[WhiteElo "2284"]
[BlackElo "2351"]
[PlyCount "66"]

1. g3 d5 2. c4 e6 3. Bg2 Nf6 4. Nf3 Be7 5. O-O O-O 6. b3 c5 7. e3 Nc6 8. Qe2 b6
9. Bb2 Bb7 10. Nc3 Re8 11. Rfd1 d4 12. exd4 cxd4 13. Nb5 e5 14. Nxe5 Nxe5 15.
Qxe5 Bxg2 16. Kxg2 a6 17. Nc7 Bd6 18. Qxe8+ Nxe8 19. Nxa8 Qxa8+ 20. f3 Be5 21.
Re1 f6 22. Kf2 Nd6 23. Rac1 h5 24. Kg2 Nf7 25. d3 Ng5 26. Rf1 Qc8 27. Kh1 Bxg3
28. Bxd4 Qh3 29. Bg1 Bxh2 30. Bxh2 Nxf3 31. Rf2 Nxh2 32. Rxh2 Qf3+ 33. Rg2 h4
0-1

[Event "Elit(Manhem-Sollentuna)"]
[Site "?"]
[Date "2008.12.07"]
[Round "5"]
[White "Agrest, Inna"]
[Black "Moberg, Karl Johan"]
[Result "1-0"]
[WhiteElo "2396"]
[BlackElo "2308"]
[PlyCount "97"]

1. e4 e5 2. Nf3 Nc6 3. Bb5 a6 4. Ba4 Nf6 5. O-O b5 6. Bb3 Bc5 7. a4 Bb7 8. d3
d6 9. c3 O-O 10. Bg5 h6 11. Bh4 Kh8 12. Bc2 Qe7 13. Nbd2 Rae8 14. Re1 Bc8 15.
Nf1 g5 16. Bg3 Bg4 17. Ne3 Bxe3 18. fxe3 Nd7 19. d4 f6 20. Bd3 Rb8 21. b4 Rb7
22. Qe2 Rfb8 23. Qf1 Nd8 24. Nd2 Nf7 25. axb5 axb5 26. Ra5 c6 27. d5 c5 28.
Rxb5 cxb4 29. cxb4 Rxb5 30. Bxb5 Kg7 31. Ra1 Nb6 32. Nb3 Qc7 33. Rc1 Qa7 34.
Na5 Rc8 35. h3 Rxc1 36. Qxc1 Bd7 37. Bxd7 Nxd7 38. Nc6 Qb6 39. Be1 Qb7 40. Ne7
Nb8 41. Nf5+ Kg8 42. b5 Kf8 43. Qc4 Ke8 44. Bb4 Qd7 45. Ba5 Qb7 46. Bc7 Kd7 47.
b6 Qa6 48. Qb4 Kc8 49. Bxd6 1-0

[Event "Elit(Manhem-Sollentuna)"]
[Site "?"]
[Date "2008.12.07"]
[Round "5"]
[White "Welin, Mats"]
[Black "Bergstrom, Peter"]
[Result "1-0"]
[WhiteElo "2302"]
[BlackElo "2348"]
[PlyCount "63"]

1. e4 c6 2. d4 d5 3. exd5 cxd5 4. c4 Nf6 5. Nc3 g6 6. Qb3 Bg7 7. cxd5 O-O 8.
Be2 Nbd7 9. Bf3 Nb6 10. Nge2 Bg4 11. Bxg4 Nxg4 12. a4 a5 13. O-O Qd6 14. Bf4
Qb4 15. Qd1 Rfd8 16. d6 exd6 17. b3 d5 18. h3 Nf6 19. Bc7 Re8 20. Nb5 Re6 21.
Nf4 Rc6 22. Bd6 Rxd6 23. Nd3 Qxb5 24. axb5 Ne4 25. Nc5 Rb8 26. Qd3 Nd7 27. Nxd7
Rxd7 28. b6 Rd6 29. Rxa5 Rc8 30. Rfa1 Rxb6 31. Rxd5 Nc3 32. Rc5 1-0

[Event "Elit(Manhem-Sollentuna)"]
[Site "?"]
[Date "2008.12.07"]
[Round "5"]
[White "Owen Jansson, Anders"]
[Black "Kinnmark, Ove"]
[Result "0-1"]
[WhiteElo "2128"]
[BlackElo "2256"]
[PlyCount "82"]

1. Nf3 Nf6 2. c4 e6 3. Nc3 Bb4 4. Qc2 c5 5. a3 Ba5 6. g3 Nc6 7. Bg2 O-O 8. O-O
Bc7 9. Rd1 e5 10. e3 d6 11. h3 Bd7 12. d4 Qc8 13. Nd5 Bd8 14. Kh2 cxd4 15. exd4
Nxd5 16. cxd5 Nxd4 17. Nxd4 exd4 18. Qxc8 Rxc8 19. Bf4 Bb6 20. Bxd6 Rfe8 21.
Rd2 Ba4 22. Bf4 Red8 23. Re1 Bb3 24. Re5 f6 25. Re7 g5 26. d6 gxf4 27. d7 fxg3+
28. Kxg3 Rc5 29. Kh4 Re5 30. Rxe5 fxe5 31. Rd3 Be6 32. Rg3+ Kf8 33. Rg5 Bc7 34.
Bxb7 Rxd7 35. Kh5 Rg7 36. h4 d3 37. Bf3 Rxg5+ 38. hxg5 Bb3 39. Kh6 Kg8 40. Be4
d2 41. Bxh7+ Kf8 0-1

[Event "Elit(Manhem-Sollentuna)"]
[Site "?"]
[Date "2008.12.07"]
[Round "5"]
[White "Liljedahl, Lennart"]
[Black "Aperia, Jakob"]
[Result "1/2-1/2"]
[WhiteElo "2238"]
[BlackElo "1982"]
[PlyCount "62"]

1. e4 c6 2. d4 d5 3. exd5 cxd5 4. Bd3 Nc6 5. c3 Qc7 6. Na3 a6 7. Nc2 Nf6 8. h3
e6 9. Nf3 Be7 10. O-O O-O 11. Re1 b5 12. Bd2 Bb7 13. a4 bxa4 14. Rxa4 Nd7 15.
Ne3 Nb6 16. Ra2 a5 17. Bb1 Rfb8 18. Ng4 Bf8 19. Ng5 h6 20. Qc2 g6 21. Nxe6 fxe6
22. Qxg6+ Qg7 23. Qxe6+ Kh8 24. Nxh6 Re8 25. Nf7+ Kg8 26. Nh6+ Kh8 27. Qxe8
Rxe8 28. Rxe8 Bc8 29. Bg6 Qxg6 30. Rxf8+ Kh7 31. Rf7+ Kh8 1/2-1/2

[Event "Elit(Farsta-Kamraterna)"]
[Site "?"]
[Date "2008.12.07"]
[Round "5"]
[White "Svenn, Gosta"]
[Black "Magnusson, Jorgen"]
[Result "1/2-1/2"]
[WhiteElo "2369"]
[BlackElo "2295"]
[PlyCount "88"]

1. d4 f5 2. g3 Nf6 3. Bg2 g6 4. c4 Bg7 5. Nc3 O-O 6. Nh3 Nc6 7. Nf4 d6 8. d5
Ne5 9. b3 c5 10. O-O Rb8 11. Qc2 Ne8 12. Bb2 Nc7 13. Nd3 Bd7 14. Nd1 Nxd3 15.
Bxg7 Kxg7 16. Qxd3 b5 17. Qc3+ Kg8 18. f4 bxc4 19. bxc4 Ne8 20. e4 fxe4 21. Nf2
Nf6 22. Nxe4 Bf5 23. Rae1 Bxe4 24. Bxe4 Qb6 25. Bg2 Rfe8 26. Re2 Qa6 27. Bh3
Rb4 28. Rxe7 Rxe7 29. Qxf6 Rbb7 30. Be6+ Rxe6 31. Qxe6+ Rf7 32. Qe2 Qb6 33. Re1
Qb4 34. Qe4 Kg7 35. Re2 Qc3 36. Kg2 a5 37. h4 h5 38. Kh3 a4 39. Re3 Qa1 40. Re2
Qc3 41. Kg2 Qc1 42. Rf2 Qc3 43. Kh2 Qc1 44. Rg2 Qf1 1/2-1/2

[Event "Elit(Farsta-Kamraterna)"]
[Site "?"]
[Date "2008.12.07"]
[Round "5"]
[White "Hjelm, Niclas"]
[Black "Svensson, Bengt"]
[Result "1/2-1/2"]
[WhiteElo "2369"]
[BlackElo "2496"]
[PlyCount "41"]

1. d4 d5 2. Nf3 Nf6 3. c4 dxc4 4. e3 e6 5. Bxc4 c5 6. Qe2 a6 7. dxc5 Bxc5 8.
O-O Nc6 9. a3 b5 10. Bd3 Qc7 11. b4 Bd6 12. Bb2 Bb7 13. Nbd2 Ng4 14. h3 Nge5
15. Nxe5 Bxe5 16. Bxe5 Nxe5 17. Rac1 Qd7 18. Bb1 O-O 19. Rfd1 Rac8 20. Rxc8
Qxc8 21. Nb3 1/2-1/2

[Event "Elit(Farsta-Kamraterna)"]
[Site "?"]
[Date "2008.12.07"]
[Round "5"]
[White "Madebrink, Lars"]
[Black "Ong, Kezli"]
[Result "1/2-1/2"]
[WhiteElo "2255"]
[BlackElo "2328"]
[PlyCount "33"]

1. d4 Nf6 2. c4 e6 3. Nf3 Bb4+ 4. Nbd2 b6 5. g3 Bb7 6. Bg2 O-O 7. O-O d5 8. Ne5
Nbd7 9. Ndf3 Bd6 10. Bg5 Qe8 11. Rc1 Ne4 12. Bf4 f6 13. Nxd7 Qxd7 14. Bxd6 cxd6
15. Nd2 Nxd2 16. Qxd2 dxc4 17. Rxc4 1/2-1/2

[Event "Elit(Farsta-Kamraterna)"]
[Site "?"]
[Date "2008.12.07"]
[Round "5"]
[White "Holm, Magnus"]
[Black "Akbarinia, Arash"]
[Result "0-1"]
[WhiteElo "2209"]
[BlackElo "2388"]
[PlyCount "118"]

1. d4 d5 2. c4 e6 3. Nc3 Be7 4. cxd5 exd5 5. Bf4 c6 6. e3 Bf5 7. g4 Bg6 8. h4
h6 9. Nf3 Nd7 10. Bd3 Bxd3 11. Qxd3 Nf8 12. O-O-O Ng6 13. Bg3 Bd6 14. e4 Bxg3
15. fxg3 dxe4 16. Qxe4+ Qe7 17. Ne5 Nf6 18. Qf5 Nxe5 19. dxe5 Nh7 20. Rd6 O-O
21. Ne4 Rae8 22. Re1 Kh8 23. Nc5 f6 24. Ne6 Rf7 25. Nf4 Nf8 26. Nd3 Qc7 27. Rf1
Kg8 28. e6 Rfe7 29. Qf4 Nxe6 30. Rxe6 Qxf4+ 31. Nxf4 Rxe6 32. Nxe6 Rxe6 33. Kd2
Re4 34. g5 hxg5 35. hxg5 fxg5 36. Rf5 Rg4 37. Rf3 Kh7 38. Kc3 Kg6 39. b4 Re4
40. a4 Re7 41. Kd4 Kh5 42. Kc5 Rd7 43. Re3 Kg4 44. a5 Rd5+ 45. Kc4 Rb5 46. Rd3
Kh3 47. Re3 g4 48. Rd3 Kg2 49. Re3 Kf2 50. Rd3 a6 51. Ra3 Rd5 52. Rc3 g6 53.
Ra3 Rf5 54. Rd3 Rf3 55. Rd7 Kxg3 56. Rxb7 Kf2 57. Rb6 g3 58. Rxc6 g2 59. Rxg6
Rg3 0-1

[Event "Elit(Farsta-Kamraterna)"]
[Site "?"]
[Date "2008.12.07"]
[Round "5"]
[White "Hamark, Jesper"]
[Black "Jaderberg, Bjorn"]
[Result "1-0"]
[WhiteElo "2358"]
[BlackElo "2226"]
[PlyCount "69"]

1. d4 Nf6 2. Nf3 b6 3. Bf4 e6 4. e3 Bb7 5. Bd3 Be7 6. h3 c5 7. c3 O-O 8. Nbd2
d6 9. Qe2 Nc6 10. O-O d5 11. dxc5 Bxc5 12. e4 Be7 13. e5 Nd7 14. b4 Re8 15. Nb3
Nf8 16. Rfe1 Ng6 17. Bd2 Rc8 18. a3 Rc7 19. Bb5 Rf8 20. Rac1 Nb8 21. Bd3 Nd7
22. Nbd4 Qb8 23. h4 Re8 24. h5 Ngf8 25. h6 g6 26. Bg5 Bc6 27. Qe3 Qd8 28. Qf4
Nb8 29. Re3 a6 30. Bxe7 Qxe7 31. Ng5 Rec8 32. b5 axb5 33. Bxb5 Bd7 34. Rf3 Qc5
35. Qxf7+ 1-0

[Event "Elit(Farsta-Kamraterna)"]
[Site "?"]
[Date "2008.12.07"]
[Round "5"]
[White "Lindeman, Sven"]
[Black "Nyberg, Ulf"]
[Result "1-0"]
[WhiteElo "2212"]
[BlackElo "2204"]
[PlyCount "87"]

1. e4 c5 2. Nf3 e6 3. d3 Nc6 4. g3 g6 5. d4 cxd4 6. Nxd4 a6 7. Nxc6 bxc6 8. c4
Bg7 9. Nc3 Ne7 10. Be3 O-O 11. Qd6 f5 12. e5 Rf7 13. O-O-O Qa5 14. f4 Bf8 15.
Qc5 Qxc5 16. Bxc5 Nd5 17. cxd5 Bxc5 18. dxe6 dxe6 19. Bc4 Kf8 20. Rd8+ Ke7 21.
Rhd1 Bb6 22. R8d6 Be3+ 23. Kc2 c5 24. Na4 Bb7 25. Rd7+ Ke8 26. Rxf7 Be4+ 27.
Bd3 Kxf7 28. Bxe4 fxe4 29. Rd7+ Kg8 30. Nc3 g5 31. fxg5 Bxg5 32. Nxe4 h6 33. h4
Bd8 34. Kd3 Rb8 35. b3 Kf8 36. Rh7 Rb4 37. Nxc5 Rg4 38. Ne4 Bxh4 39. gxh4 Rxh4
40. Nc5 Rh2 41. Nxe6+ Kg8 42. Rg7+ Kh8 43. Ra7 Rxa2 44. Ke4 1-0

[Event "Elit(Farsta-Kamraterna)"]
[Site "?"]
[Date "2008.12.07"]
[Round "5"]
[White "Svenn, Matti"]
[Black "Hedin, Gunnar"]
[Result "1-0"]
[WhiteElo "2238"]
[BlackElo "2175"]
[PlyCount "85"]

1. e4 e6 2. d4 d5 3. Nc3 Nf6 4. e5 Nfd7 5. f4 c5 6. Nf3 Nc6 7. Be3 a6 8. dxc5
Bxc5 9. Qd2 Be7 10. Nd4 O-O 11. O-O-O Nc5 12. Kb1 Qc7 13. Qf2 Nxd4 14. Bxd4 g6
15. g4 f5 16. gxf5 Rxf5 17. h4 Bd7 18. Bh3 Rf7 19. h5 g5 20. f5 Ne4 21. Nxe4
dxe4 22. f6 Bf8 23. Qe3 Bh6 24. Rhg1 Kh8 25. Bg2 Bc6 26. Bxe4 Bxe4 27. Qxe4 Rd8
28. Bc3 Rfd7 29. Rxd7 Qxd7 30. b3 Bf8 31. Kb2 Qc7 32. Rg4 b5 33. Rxg5 Rc8 34.
Rg3 b4 35. Bd4 Bh6 36. Rg2 Qa5 37. Be3 Bxe3 38. Qxe3 Qc5 39. Qxc5 Rxc5 40. Rg5
h6 41. Rg6 Kh7 42. f7 Rc8 43. Rxe6 1-0

[Event "Elit(Farsta-Kamraterna)"]
[Site "?"]
[Date "2008.12.07"]
[Round "5"]
[White "Lagerborg, Krister"]
[Black "Martensson, Ulf"]
[Result "1-0"]
[WhiteElo "2065"]
[BlackElo "2160"]
[PlyCount "25"]

1. e4 c6 2. d4 d5 3. e5 Bf5 4. Nf3 e6 5. Be2 c5 6. c4 dxc4 7. Be3 cxd4 8. Nxd4
Bb4+ 9. Nc3 Bxc3+ 10. bxc3 Bd3 11. Nb5 Ne7 12. Nd6+ Kf8 13. Nxc4 1-0